Superhero Movie Song Association - Statistics

General Stats
  • This quiz has been taken 18 times
  • The average score is 30 of 56
Answer Stats
Song Movie % Correct
Back in Black | AC/DC Iron Man
100%
Hooked on a Feeling | Blue Swede Guardians of the Galaxy
94%
All The Stars | Kendrick Lamar & SZA Black Panther
88%
Shoot to Thrill | AC/DC Iron Man 2
88%
Walk | Foo Fighters Thor
88%
Immigrant Song | Led Zepplin Thor: Ragnarok
88%
Star Spangled Man | Alan Menken & David Zippel Captain America: The First Avenger
76%
Blue (Da Ba Dee) | Eiffel 65 Iron Man 3
76%
Hero | Chad Kroeger & Josey Scott Spider-Man
76%
Til Kingdom Come | Coldplay The Amazing Spider-Man
76%
Something in the Way | Nirvana The Batman
76%
Venom | Eminem Venom
76%
Just a Girl | No Doubt Captain Marvel
71%
X Gon’ Give It to Ya | DMX Deadpool
71%
Mr. Blue Sky | Electric Light Orchestra Guardians of the Galaxy Vol. 2
71%
Dog Days Are Over | Florence + the Machine Guardians of the Galaxy Vol. 3
71%
Blitzkrieg Bop | Ramones Spider-Man: Homecoming
71%
Sunflower | Post Malone & Swae Lee Spider-Man: Into the Spider-Verse
71%
Punkrocker | Teddybears Superman
71%
Sweet Child o' Mine | Guns N' Roses Thor: Love and Thunder
71%
Kiss From a Rose | Seal Batman Forever
65%
Ashes | Celine Dion Deadpool 2
65%
Am I Dreaming | Metro Boomin & A$AP Rocky Spider-Man: Across the Spider-Verse
65%
Like a Prayer | Madonna Deadpool & Wolverine
59%
I Will Always Love You | Whitney Houston Spider-Man: Far From Home
59%
Heathens | Twenty One Pilots Suicide Squad
59%
Come On Get Happy | The Partridge Family Ant-Man and the Wasp
53%
Iris | Goo Goo Dolls The Flash
53%
Lift Me Up | Rihanna Black Panther: Wakanda Forever
47%
That's Life | Frank Sinatra Joker
47%
Don't Stop Me Now | Queen Shazam!
47%
The Magic Number | De La Soul Spider-Man: No Way Home
47%
Intergalactic | Beastie Boys The Marvels
47%
Last One Standing | Skylar Grey feat. Polo G, Mozzy & Eminem Venom: Let There Be Carnage
47%
Sweet Dreams (Are Made of This) | Eurythmics X-Men: Apocalypse
47%
Time in a Bottle | Jim Croce X-Men: Days of Future Past
47%
Goodbye Yellow Brick Road | Elton John Ant-Man and the Wasp: Quantumania
41%
Smells Like Teen Spirit | Nirvana Black Widow
41%
Hurt | Johnny Cash Logan
41%
Gone Gone Gone | Philips Philips The Amazing Spider-Man 2
41%
POWER | Kanye West Black Adam
35%
Kickstart My Heart | Mötley Crüe Blue Beetle
35%
Bring Me to Life | Evanescence Daredevil
35%
Time | Pink Floyd Eternals
35%
Holding Out for a Hero | Bonnie Tyler Shazam! Fury of the Gods
35%
Boss Bitch | Doja Cat Birds of Prey
29%
I Don't Know What Christmas Is | Old 97's Guardians of the Galaxy Holiday Special
29%
That's Entertainment | Judy Garland Joker: Folie à Deux
29%
Run It | DJ Snake, Rick Ross & Rich Brian Shang-Chi and the Legend of the Ten Rings
29%
i | Kendrick Lamar Captain America: Brave New World
24%
The Man Comes Around | Johnny Cash Kraven the Hunter
24%
Toxic | Britney Spears Madame Web
24%
People Are Strange | The Doors Morbius
24%
Confusion (Pump Panel Reconstruction Mix) | New Order Blade
18%
Man in the Mirror | Michael Jackson The LEGO Batman Movie
18%
Hallelujah | Leonard Cohen Zack Snyder's Justice League
18%
No matching quizzes found
Score Distribution
Percent of People with Each Score
Percentile by Number Answered
Your Score History
You have not taken this quiz